000 04309nam a22004575i 4500
001 978-3-030-94387-5
003 DE-He213
005 20250131131459.0
007 cr nn 008mamaa
008 220422s2022 sz | s |||| 0|eng d
020 _a9783030943875
_9978-3-030-94387-5
024 7 _a10.1007/978-3-030-94387-5
_2doi
040 _aKO
_beng
041 0 _aeng
082 0 4 _a341.4
_223
245 1 0 _aTrends and Challenges in International Law
_h[electronic resource] :
_bSelected Issues in Human Rights, Cultural Heritage, Environment and Sea /
_cedited by Maurizio Arcari, Irini Papanicolopulu, Laura Pineschi.
250 _a1st ed. 2022.
264 1 _aCham :
_bSpringer International Publishing :
_bImprint: Springer,
_c2022.
300 _aVII, 332 p. 10 illus.
_bonline resource.
338 _aonline resource
505 0 _a Introduction -- Part I. Human Rights Law -- International Human Rights Law and Transboundary Environmental Harm: Trends and Challenges -- What Does a State Secure Make? Interpreting National Security in the Light of International Human Rights Law -- Starvation and Humanitarian Assistance in Time of Armed Conflicts -- Part II. Cultural Heritage Law -- Underwater Cultural Heritage and Salvage Law -- Lights and Shadows of the EU Regulation 2019/880 on the Introduction and the Import of Cultural Goods -- Part III. Environmental Law.-0 The Breach of the Obligation to Prevent Environmental Harm and the Law of State Responsibility. Revisiting the Issue Against the Test of Judicial Application -- Legal Personality for Nature: From National to International Law -- Climate Change and Intercommunal Conflicts in West Africa: A New Challenge for the UN System of Collective Security or Much Ado about Nothing? -- Law of The Sea -- On the Nature of the Law of the Sea -- The Last Frontier: Trendsand Challenges related to the Delineation of the Outer Limits of the Continental Shelf Beyond 200 Nautical Miles -- Conclusions.
520 _aOver the last century, international law has sought to keep pace with sweeping changes that have revolutionised the international community. It has done so in various ways: by developing new fields, adopting new legal instruments, and including new actors and entities in the international fora. Human rights law and environmental law have emerged to address essential issues raised by civil society. Treaties, judgments and soft law instruments have attempted to fill the gaps in regulation. International organisations, corporations, civil society organisations and individuals have all worked to make and enforce, also by judicial means, legal rules. But is all this sufficient? In an effort to answer this question, the chapters of this volume explore selected emerging issues in the fields of human rights, the environment, cultural heritage and law of the sea. Can state responsibility help to protect the environment? Can protecting human rights be reconciled with national security?Can the UN Security Council address climate change? Is law of the sea still fit for purpose? And how can we balance human rights and the environment, or cultural heritage and law of the sea? The international scholars and experienced practitioners who have contributed to this volume discuss these and other key questions. Given its scope, the book will appeal to researchers and scholars of international law, as well as those specialising in human rights law, environmental law, cultural heritage law, and law of the sea. .
650 0 _aLaw of the sea.
650 0 _aInternational law.
650 0 _aAeronautics
_xLaw and legislation.
650 0 _aHuman rights.
650 0 _aEnvironmental law, International.
650 0 _aCultural property.
650 1 4 _aLaw of the Sea, Air and Outer Space.
650 2 4 _aHuman Rights.
650 2 4 _aInternational Environmental Law.
650 2 4 _aCultural Heritage.
700 1 _aArcari, Maurizio.
_eeditor.
_4edt
_4http://id.loc.gov/vocabulary/relators/edt
700 1 _aPapanicolopulu, Irini.
_eeditor.
_4edt
_4http://id.loc.gov/vocabulary/relators/edt
700 1 _aPineschi, Laura.
_eeditor.
_4edt
_4http://id.loc.gov/vocabulary/relators/edt
856 4 0 _uhttps://doi.org/10.1007/978-3-030-94387-5
904 _aRUDRA_R
905 _aR_RANJAN
942 _2ddc
_cEB
999 _c3187
_d3187